[Event "World Rapid 2023"]
[Site "Samarkand UZB"]
[Date "2023.12.26"]
[EventDate "2023.12.26"]
[Round "4.4"]
[Result "1-0"]
[White "Timur Gareyev"]
[Black "Sarin Nihal"]
[WhiteElo "2588"]
[BlackElo "2667"]
[PlyCount "126"]

1. c4 Nf6 2. Nc3 e6 3. e4 d5 4. cxd5 exd5 5. e5 Ne4 6. Nf3 Bf5 7. d3 Nxc3
8. bxc3 c5 9. d4 c4 10. Be2 Nc6 11. O-O Be7 12. Ne1 O-O 13. g4 Be4 14. f3
Bg6 15. f4 Be4 16. Bf3 Bxf3 17. Qxf3 f6 18. e6 f5 19. gxf5 Rxf5 20. Ng2 Qd6
21. Ne3 Qxe6 22. Nxf5 Qxf5 23. a4 Na5 24. Ba3 Bh4 25. Ra2 Rd8 26. Re2 Nc6
27. h3 h5 28. Kh1 b6 29. Qe3 Kf7 30. Bd6 g6 31. Bc7 Rc8 32. Be5 Rd8 33. Qf3
Rd7 34. Rb2 Bd8 35. Rg1 Bh4 36. Rb5 Ne7 37. Rb2 Nc6 38. Rbg2 Ne7 39. Kh2
Rd8 40. Re2 Rd7 41. Rb2 Nc6 42. Qg2 Rd8 43. Rb5 Ne7 44. a5 bxa5 45. Rb7 Bf6
46. Re1 Rd7 47. Rxd7 Qxd7 48. Bxf6 Kxf6 49. Qg5+ Kf7 50. Qe5 a4 51. Qb8 a5
52. Qb1 Qd6 53. Kg2 a3 54. Qb5 a2 55. Qxa5 Nf5 56. Qa7+ Kf6 57. Re5 g5 58.
fxg5+ Kxg5 59. Qxa2 Qg6 60. Qf2 Qf7 61. h4+ Kg6 62. Qf4 Qf6 63. Kh3 1-0

[Event "World Rapid 2023"]
[Site "Samarkand UZB"]
[Date "2023.12.26"]
[EventDate "2023.12.26"]
[Round "4.6"]
[Result "1/2-1/2"]
[White "S L Narayanan"]
[Black "Anton Guijarro, David"]
[WhiteElo "2586"]
[BlackElo "2625"]
[PlyCount "40"]

1. e4 c6 2. Nf3 d5 3. e5 Bg4 4. Be2 e6 5. O-O Ne7 6. d4 c5 7. dxc5 Nec6 8.
Be3 Nd7 9. c4 dxc4 10. Na3 Bxc5 11. Bxc5 Nxc5 12. Nxc4 O-O 13. Rc1 Bxf3 14.
Bxf3 Nd3 15. Rc2 Ndxe5 16. Nxe5 Nxe5 17. Bxb7 Rb8 18. Qxd8 Rfxd8 19. Ba6
Nd3 20. Bxd3 Rxd3 1/2-1/2

[Event "World Rapid 2023"]
[Site "Samarkand UZB"]
[Date "2023.12.26"]
[EventDate "2023.12.26"]
[Round "4.7"]
[Result "1/2-1/2"]
[White "Subramaniyam H Bharath"]
[Black "Ivan Cheparinov"]
[WhiteElo "2426"]
[BlackElo "2618"]
[PlyCount "60"]

1. e4 e5 2. Nf3 Nc6 3. d4 exd4 4. Nxd4 Nf6 5. Nxc6 bxc6 6. Nd2 Bc5 7. Nb3
Nxe4 8. Nxc5 Nxc5 9. Be3 Qe7 10. Qh5 d5 11. O-O-O O-O 12. Bd3 Nxd3+ 13.
Rxd3 f6 14. Rc3 Qe5 15. Qh4 Bd7 16. Rd1 Rfe8 17. Bd4 Qg5+ 18. Qxg5 fxg5 19.
Rb3 Bc8 20. Rdd3 Re4 21. f3 Re2 22. Re3 Rxe3 23. Rxe3 Kf7 24. Bc5 Be6 25.
Ra3 a6 26. Kd2 Ke8 27. Ke3 Kd7 28. Kd4 Bf5 29. Re3 Re8 30. Rxe8 1/2-1/2

[Event "World Rapid 2023"]
[Site "Samarkand UZB"]
[Date "2023.12.26"]
[EventDate "2023.12.26"]
[Round "4.8"]
[Result "1-0"]
[White "Vachier-Lagrave, Maxime"]
[Black "Dmitry Andreikin"]
[WhiteElo "2777"]
[BlackElo "2629"]
[PlyCount "72"]

1. e4 c5 2. Nf3 e6 3. d4 cxd4 4. Nxd4 a6 5. Bd3 Bc5 6. Nb3 Ba7 7. Qe2 Nc6
8. Be3 Nge7 9. N1d2 O-O 10. O-O-O Bxe3 11. Qxe3 d5 12. Nf3 Qc7 13. Kb1 a5
14. a3 b6 15. Rhe1 Bb7 16. h4 a4 17. Nbd4 Nxd4 18. Nxd4 dxe4 19. Bxe4 Nd5
20. Qf3 Rac8 21. g4 Qc4 22. g5 b5 23. c3 e5 24. Nxb5 Rfd8 25. Qe2 Qc5 26.
Bc2 g6 27. Bxa4 Nf4 28. Rxd8+ Rxd8 29. Qxe5 Qxf2 30. Qe7 Rd2 31. Bb3 Rxb2+
32. Ka1 Nd5 33. Qd8+ Kg7 34. Re8 Ra2+ 35. Bxa2 Qf1+ 36. Bb1 1-0

[Event "World Rapid 2023"]
[Site "Samarkand UZB"]
[Date "2023.12.26"]
[EventDate "2023.12.26"]
[Round "4.12"]
[Result "1-0"]
[White "Santosh Gujrathi Vidit"]
[Black "Roman Kezin"]
[WhiteElo "2659"]
[BlackElo "2497"]
[PlyCount "134"]

1. d4 d5 2. c4 e6 3. Nf3 Nf6 4. g3 Bb4+ 5. Bd2 a5 6. Bg2 O-O 7. Qc2 c5 8.
cxd5 cxd4 9. Nxd4 Qb6 10. Nf3 exd5 11. O-O Nc6 12. Nc3 d4 13. Na4 Qb5 14.
Qd3 Qh5 15. Bg5 Ng4 16. Bf4 Ra6 17. h3 Nge5 18. Nxe5 Nxe5 19. Qxd4 Nc6 20.
Qd5 Qxe2 21. a3 Be6 22. Qd1 Qxd1 23. Rfxd1 Be7 24. Bd6 Bb3 25. Bxe7 Nxe7
26. Nc5 Bxd1 27. Nxa6 bxa6 28. Rxd1 Rb8 29. Rd7 Kf8 30. Ra7 g6 31. Ra8 Rxa8
32. Bxa8 Nf5 33. Bb7 Ke7 34. Bxa6 Kd6 35. Bc4 f6 36. Kf1 Kc5 37. Bg8 h6 38.
Ke2 Kd4 39. Bf7 g5 40. Kf3 Nd6 41. Bg8 f5 42. Ke2 Ne4 43. Bb3 Nd6 44. Be6
Ke5 45. Bd7 Kd4 46. h4 Kc4 47. Be6+ Kd4 48. h5 Ke5 49. Bd7 Ne4 50. Be8 Nd6
51. Bc6 Kd4 52. b4 axb4 53. axb4 Kc4 54. Ke3 Kxb4 55. Kd4 f4 56. g4 Nc8 57.
f3 Nb6 58. Ke5 Kc5 59. Bb7 Nc4+ 60. Ke6 Kd4 61. Kf6 Ne3 62. Kg6 Ke5 63.
Kxh6 Kf6 64. Kh7 Kf7 65. h6 Nc2 66. Bd5+ Kf8 67. Kg6 1-0

[Event "World Rapid 2023"]
[Site "Samarkand UZB"]
[Date "2023.12.26"]
[EventDate "2023.12.26"]
[Round "4.15"]
[Result "1-0"]
[White "Fabiano Caruana"]
[Black "Aryan Tari"]
[WhiteElo "2747"]
[BlackElo "2540"]
[PlyCount "102"]

1. e4 e5 2. Nf3 Nc6 3. Bc4 Nf6 4. d3 Bc5 5. O-O d6 6. c3 a5 7. Re1 O-O 8.
h3 h6 9. Bb3 Ba7 10. Nbd2 Be6 11. Bc2 Ne7 12. d4 Ng6 13. Nf1 c6 14. Ng3 b5
15. a4 b4 16. cxb4 axb4 17. Be3 Re8 18. Rc1 Bb6 19. Bb3 exd4 20. Nxd4 Bxd4
21. Bxd4 c5 22. Bxe6 Rxe6 23. Bxf6 Qxf6 24. b3 Nf4 25. Re3 Qe5 26. Nf5 Rg6
27. g3 Nxh3+ 28. Kg2 Nf4+ 29. Kf1 Nh3 30. f4 Qf6 31. Rc2 Re8 32. Qh5 Nxf4
33. gxf4 Qa1+ 34. Re1 Rg1+ 35. Kxg1 Qxe1+ 36. Kh2 Qxe4 37. Rg2 Qxf4+ 38.
Kh3 Kf8 39. Rxg7 Qf1+ 40. Rg2 Qh1+ 41. Rh2 Qf1+ 42. Kg3 Re6 43. Qf3 Qg1+
44. Kh3 d5 45. Qxd5 Qf1+ 46. Rg2 Qh1+ 47. Kg3 Rg6+ 48. Kf2 Rxg2+ 49. Qxg2
Qxg2+ 50. Kxg2 c4 51. a5 1-0

[Event "World Rapid 2023"]
[Site "Samarkand UZB"]
[Date "2023.12.26"]
[EventDate "2023.12.26"]
[Round "4.16"]
[Result "1/2-1/2"]
[White "Aleksandar Indjic"]
[Black "Peter Svidler"]
[WhiteElo "2552"]
[BlackElo "2737"]
[PlyCount "44"]

1. c4 e5 2. Nf3 e4 3. Nd4 Nc6 4. e3 Nxd4 5. exd4 Qf6 6. Be2 Qxd4 7. Nc3 Nf6
8. O-O c6 9. d3 Bb4 10. Be3 Qe5 11. Nxe4 Nxe4 12. dxe4 O-O 13. Bd3 d6 14.
Qc2 Bc5 15. Rae1 Be6 16. Kh1 Bxe3 17. Rxe3 Qc5 18. Rg3 f5 19. Qc3 Qe5 20.
Qxe5 dxe5 21. exf5 Bxf5 22. Bxf5 1/2-1/2

[Event "World Rapid 2023"]
[Site "Samarkand UZB"]
[Date "2023.12.26"]
[EventDate "2023.12.26"]
[Round "4.17"]
[Result "1/2-1/2"]
[White "Aleksey Dreev"]
[Black "Nodirbek Abdusattorov"]
[WhiteElo "2557"]
[BlackElo "2676"]
[PlyCount "102"]

1. d4 Nf6 2. c4 e6 3. Nc3 d5 4. cxd5 exd5 5. Bg5 Be7 6. e3 O-O 7. Bd3 Re8
8. Nf3 h6 9. Bf4 c5 10. dxc5 Bxc5 11. O-O Nc6 12. h3 a6 13. Rc1 Bb6 14. Bb1
Be6 15. Na4 Ba7 16. Nc5 Bxc5 17. Rxc5 Qb6 18. Rc2 Rac8 19. Nd4 Bd7 20. Nb3
Be6 21. Nd4 Bd7 22. Nb3 a5 23. Rc1 Be6 24. Bd6 Ne4 25. Bc5 Qd8 26. Bxe4
dxe4 27. Qxd8 Rcxd8 28. Bb6 Ra8 29. Nc5 Bxa2 30. Nxb7 Nb4 31. Bd4 Nd3 32.
Ra1 Reb8 33. Rxa2 Rxb7 34. Rfa1 Rb5 35. Bc3 Rf5 36. Rxa5 Raxa5 37. Rxa5
Rxa5 38. Bxa5 Nxb2 39. Bc3 Nd3 40. g4 f6 41. Kg2 Kf7 42. f3 exf3+ 43. Kxf3
Ke6 44. e4 Ne5+ 45. Ke3 Nf7 46. Bb4 Ng5 47. h4 Nf7 48. Bc3 g6 49. Kf4 Nd6
50. Bxf6 Kxf6 51. e5+ Ke6 1/2-1/2

[Event "World Rapid 2023"]
[Site "Samarkand UZB"]
[Date "2023.12.26"]
[EventDate "2023.12.26"]
[Round "4.18"]
[Result "1/2-1/2"]
[White "Vladislav Artemiev"]
[Black "Levan Pantsulaia"]
[WhiteElo "2727"]
[BlackElo "2522"]
[PlyCount "50"]

1. d4 c5 2. d5 g6 3. e4 Bg7 4. Nf3 d6 5. Be2 Nf6 6. Nc3 O-O 7. O-O Na6 8.
h3 Nc7 9. a4 a6 10. Re1 b6 11. Bf4 Rb8 12. Qd2 b5 13. axb5 axb5 14. Bf1 b4
15. Na4 Bd7 16. e5 dxe5 17. Bxe5 Bxa4 18. Rxa4 Nfxd5 19. Ra5 Bxe5 20. Nxe5
Qd6 21. Nc4 Qc6 22. Ne5 Qd6 23. Nc4 Qc6 24. Ne5 Qd6 25. Nc4 1/2-1/2

[Event "World Rapid 2023"]
[Site "Samarkand UZB"]
[Date "2023.12.26"]
[EventDate "2023.12.26"]
[Round "4.19"]
[Result "1-0"]
[White "R Praggnanandhaa"]
[Black "Vladislav Kovalev"]
[WhiteElo "2706"]
[BlackElo "2523"]
[PlyCount "106"]

1. d4 Nf6 2. c4 e6 3. Nf3 b6 4. g3 Ba6 5. b3 Bb4+ 6. Bd2 Be7 7. Bg2 O-O 8.
Nc3 d5 9. cxd5 exd5 10. O-O Nbd7 11. Qc2 Re8 12. Rfe1 Bb7 13. Nh4 Bf8 14.
Nf5 a6 15. Rad1 Rc8 16. Bf4 Ne4 17. Nxe4 dxe4 18. d5 Nf6 19. Bg5 Re5 20.
Bxe4 h6 21. Bxf6 Qxf6 22. Ne3 Qe7 23. Bf3 Rxe3 24. fxe3 Qxe3+ 25. Kh1 Bd6
26. Qe4 Qg5 27. Qg4 Qe5 28. Qe4 Qg5 29. Rf1 Rf8 30. Bg4 h5 31. Bh3 g6 32.
Qf3 Kg7 33. e4 h4 34. Kg2 hxg3 35. hxg3 a5 36. Rf2 Qe7 37. Bg4 Re8 38. Rdf1
Rf8 39. Qc3+ Be5 40. Qe3 Ba6 41. Rh1 Rh8 42. Rxh8 Kxh8 43. Qh6+ Kg8 44. Be6
fxe6 45. Qxg6+ Bg7 46. dxe6 Qb4 47. Kh2 Bb7 48. Qf7+ Kh7 49. e7 Qxe4 50.
Qh5+ Bh6 51. Rf7+ Kg8 52. e8=Q+ Qxe8 53. Qg6+ 1-0

[Event "World Rapid 2023"]
[Site "Samarkand UZB"]
[Date "2023.12.26"]
[EventDate "2023.12.26"]
[Round "4.20"]
[Result "0-1"]
[White "Igor Lysyj"]
[Black "Teimour Radjabov"]
[WhiteElo "2547"]
[BlackElo "2691"]
[PlyCount "70"]

1. d4 d5 2. c4 e6 3. Nf3 Nf6 4. g3 c5 5. Bg2 cxd4 6. O-O Bc5 7. Nxd4 O-O 8.
cxd5 Nxd5 9. Nb3 Bb6 10. a4 Nc6 11. Na3 Qe7 12. Nc4 Bc7 13. Bd2 Rd8 14. Qe1
e5 15. Nca5 Nxa5 16. Bxa5 b6 17. Bd2 Ba6 18. a5 Bb5 19. axb6 Bxb6 20. Ba5
Rac8 21. Rd1 Nf6 22. Bxb6 axb6 23. Rxd8+ Qxd8 24. Nc1 Qd4 25. b3 e4 26. Qd1
Qb2 27. Re1 h5 28. Rf1 Rc2 29. Qe1 Rd2 30. h3 g6 31. Kh2 Kg7 32. f4 Rc2 33.
Qb4 Bxe2 34. Nxe2 Rxe2 35. Rg1 Nd5 0-1

[Event "World Rapid 2023"]
[Site "Samarkand UZB"]
[Date "2023.12.26"]
[EventDate "2023.12.26"]
[Round "4.21"]
[Result "1/2-1/2"]
[White "Daniel Dardha"]
[Black "AR Saleh Salem"]
[WhiteElo "2511"]
[BlackElo "2680"]
[PlyCount "128"]

1. Nf3 Nf6 2. c4 g6 3. Nc3 Bg7 4. e4 d6 5. d4 O-O 6. Bd3 Bg4 7. Be2 Bxf3 8.
Bxf3 Nfd7 9. Be3 c5 10. d5 Na6 11. Be2 Nc7 12. O-O a6 13. a4 Rb8 14. Qd2
Re8 15. Rfe1 e6 16. Bf1 exd5 17. exd5 Nf6 18. Bg5 Qd7 19. Rxe8+ Rxe8 20.
Re1 Rxe1 21. Qxe1 h6 22. Bf4 Nce8 23. Bd3 Ng4 24. h3 Ne5 25. Bf1 f5 26. Be3
Qd8 27. f4 Nd7 28. Kh2 Qe7 29. Bd2 Qxe1 30. Bxe1 h5 31. a5 Bd4 32. g3 Nef6
33. Bd3 h4 34. gxh4 Nh5 35. Ne2 Bxb2 36. Kg2 Ba3 37. Bc2 Bb4 38. Ba4 Bxe1
39. Bxd7 Bxa5 40. Bc8 b5 41. Bxa6 b4 42. Bb5 b3 43. Ba4 b2 44. Bc2 Nf6 45.
Ng3 Be1 46. Nf1 Ne4 47. h5 Nc3 48. hxg6 b1=Q 49. Bxb1 Nxb1 50. Ne3 Kg7 51.
Nxf5+ Kxg6 52. Nxd6 Nd2 53. Nb7 Nxc4 54. Nxc5 Ne3+ 55. Kf3 Nxd5 56. Ne4 Ba5
57. Kg4 Ne3+ 58. Kf3 Bb6 59. Ng3 Nd5 60. Ke4 Nf6+ 61. Kf3 Bc7 62. f5+ Kg5
63. Ne4+ Kxf5 64. Nxf6 Kxf6 1/2-1/2

[Event "World Rapid 2023"]
[Site "Samarkand UZB"]
[Date "2023.12.26"]
[EventDate "2023.12.26"]
[Round "4.23"]
[Result "1/2-1/2"]
[White "Arseniy Nesterov"]
[Black "Andrey Esipenko"]
[WhiteElo "2497"]
[BlackElo "2694"]
[PlyCount "40"]

1. d4 d5 2. c4 e6 3. Nc3 Be7 4. cxd5 exd5 5. Bf4 Nf6 6. e3 Bf5 7. Bd3 Bxd3
8. Qxd3 c6 9. Nf3 Nbd7 10. h3 O-O 11. O-O a5 12. Qc2 Re8 13. Qb3 Qb6 14.
Qc2 Qa6 15. Ne5 Nxe5 16. Bxe5 Nd7 17. Bg3 a4 18. Ne2 Nf6 19. Be5 Ne4 20.
Nc3 Qc4 1/2-1/2

[Event "World Rapid 2023"]
[Site "Samarkand UZB"]
[Date "2023.12.26"]
[EventDate "2023.12.26"]
[Round "4.24"]
[Result "0-1"]
[White "Zhamsaran Tsydypov"]
[Black "Laurent Fressinet"]
[WhiteElo "2533"]
[BlackElo "2652"]
[PlyCount "42"]

1. e4 e5 2. Nf3 Nc6 3. Bb5 Nf6 4. d3 Bc5 5. c3 O-O 6. Nbd2 d5 7. O-O a5 8.
Bxc6 bxc6 9. Nxe5 Re8 10. d4 dxe4 11. Nxc6 Qd5 12. Nxa5 Bd6 13. Nac4 Bxh2+
14. Kxh2 Ng4+ 15. Kg1 Qh5 16. Nf3 exf3 17. Bf4 Bb7 18. gxf3 Re6 19. Kg2 Rg6
20. Bg3 Nh2 21. Ne5 Rh6 0-1

[Event "World Rapid 2023"]
[Site "Samarkand UZB"]
[Date "2023.12.26"]
[EventDate "2023.12.26"]
[Round "4.1"]
[Result "1/2-1/2"]
[White "Pouya Idani"]
[Black "Alexey Sarana"]
[WhiteElo "2516"]
[BlackElo "2629"]
[PlyCount "132"]

1. e4 c5 2. Nf3 d6 3. d4 cxd4 4. Nxd4 Nf6 5. Nc3 a6 6. Be3 Ng4 7. Bc1 Nf6
8. h3 b5 9. a4 b4 10. Nd5 e6 11. Nxf6+ Qxf6 12. Bd3 Be7 13. O-O O-O 14. Nf3
h6 15. Bd2 Nc6 16. c3 Rb8 17. a5 Bd8 18. cxb4 Nxb4 19. Bc3 e5 20. Bb1 Be7
21. Ra4 Nc6 22. Nh2 Qg6 23. Kh1 Na7 24. Ng4 Bg5 25. Qf3 Bd7 26. Ra1 Nb5 27.
Ne3 Nxc3 28. bxc3 Bb5 29. Rd1 Bxe3 30. Qxe3 Rfc8 31. Ba2 Rc7 32. Rac1 Rbc8
33. f3 Rc5 34. Rd5 Qf6 35. Qd2 R5c6 36. c4 Qe7 37. Kh2 Kh7 38. Rc2 Qc7 39.
Qb4 Rc5 40. Rcd2 Bxc4 41. Rxc5 Qxc5 42. Qxc5 Rxc5 43. Bxc4 Rxc4 44. Rxd6 h5
45. h4 Rc1 46. Rxa6 Ra1 47. Ra8 Kg6 48. a6 Kf6 49. g3 Ra2+ 50. Kg1 g6 51.
a7 Kg7 52. f4 exf4 53. gxf4 Kf6 54. Kf1 Kg7 55. Ke1 Kh7 56. Kd1 Kg7 57. Kc1
Ra4 58. Kc2 Ra6 59. Kc3 Ra3+ 60. Kb4 Ra1 61. e5 Rb1+ 62. Kc5 Ra1 63. Kd6
Ra2 64. Ke7 Ra4 65. Ke8 Ra3 66. Ke7 Ra2 1/2-1/2

[Event "World Rapid 2023"]
[Site "Samarkand UZB"]
[Date "2023.12.26"]
[EventDate "2023.12.26"]
[Round "4.2"]
[Result "1-0"]
[White "Evgeny Tomashevsky"]
[Black "Dmitry Bocharov"]
[WhiteElo "2628"]
[BlackElo "2515"]
[PlyCount "84"]

1. e4 c5 2. Nf3 d6 3. Bb5+ Nd7 4. O-O a6 5. Bd3 Ngf6 6. Re1 e6 7. Bf1 b6 8.
c4 Bb7 9. Nc3 Ne5 10. d3 Be7 11. h3 O-O 12. Be3 Qd7 13. Be2 Ng6 14. Qc2 b5
15. Rad1 b4 16. Nb1 e5 17. Nbd2 h6 18. Nf1 Nf4 19. Bxf4 exf4 20. e5 dxe5
21. Nxe5 Qc7 22. Bf3 Rae8 23. Bxb7 Qxb7 24. Nd2 Bd6 25. Nef3 Nd7 26. Nb3
Qc7 27. d4 cxd4 28. Nbxd4 Nf6 29. Nb3 Rxe1+ 30. Rxe1 Rc8 31. Qf5 Rd8 32. c5
Bf8 33. Qe5 Qd7 34. Qxf4 a5 35. Rc1 Qd5 36. Qd4 Qa8 37. Qc4 a4 38. Nbd4 a3
39. bxa3 Qxa3 40. c6 Rc8 41. Ne5 Nd5 42. Rd1 1-0

[Event "World Rapid 2023"]
[Site "Samarkand UZB"]
[Date "2023.12.26"]
[EventDate "2023.12.26"]
[Round "4.4"]
[Result "0-1"]
[White "Javokhir Sindarov"]
[Black "Denis Makhnev"]
[WhiteElo "2596"]
[BlackElo "2504"]
[PlyCount "92"]

1. e4 e5 2. Nf3 Nc6 3. Bb5 a6 4. Ba4 Nf6 5. O-O Be7 6. d3 b5 7. Bb3 O-O 8.
a4 Bb7 9. Nc3 Nd4 10. Nxd4 exd4 11. Nd5 Nxd5 12. Bxd5 c6 13. Bb3 Rc8 14.
Bd2 d5 15. exd5 c5 16. axb5 axb5 17. Qe2 Bf6 18. Rfe1 Bxd5 19. Bxd5 Qxd5
20. h3 h6 21. Ra5 c4 22. Qg4 h5 23. Qe4 Qxe4 24. dxe4 Rb8 25. Bb4 Rfe8 26.
Kf1 d3 27. cxd3 Bxb2 28. Bd6 Bc3 29. Ra2 Bxe1 30. Bxb8 Rxb8 31. Kxe1 c3 32.
Ra3 b4 33. Rb3 f5 34. e5 Kf7 35. Kd1 Ke6 36. f4 Kd5 37. Kc2 Kc5 38. Rb1 Ra8
39. Re1 Ra2+ 40. Kb3 Rb2+ 41. Ka4 c2 42. e6 Rb1 43. Re5+ Kb6 44. e7 Ra1+
45. Kxb4 c1=Q 46. Rb5+ Ka6 0-1

[Event "World Rapid 2023"]
[Site "Samarkand UZB"]
[Date "2023.12.26"]
[EventDate "2023.12.26"]
[Round "4.5"]
[Result "0-1"]
[White "Alexander Riazantsev"]
[Black "Sandipan Chanda"]
[WhiteElo "2570"]
[BlackElo "2602"]
[PlyCount "64"]

1. d4 f5 2. g3 Nf6 3. Bg2 g6 4. Nd2 Nc6 5. d5 Ne5 6. b3 Bg7 7. Bb2 d6 8.
Nh3 O-O 9. c4 h6 10. Nf4 g5 11. Nd3 Nxd3+ 12. exd3 e5 13. dxe6 c6 14. O-O
Bxe6 15. Re1 Qd7 16. f4 gxf4 17. gxf4 Ng4 18. Bxg7 Qxg7 19. Nf3 Rae8 20.
Qd2 Kh7 21. h3 Nf6 22. Nd4 Bd7 23. Rxe8 Nxe8 24. Nc2 Nf6 25. Kh2 Rg8 26.
Qf2 Nh5 27. Rg1 Qb2 28. Qh4 Qxc2 29. Qxh5 c5 30. d4 cxd4 31. Qf7+ Rg7 32.
Qf8 Bc6 0-1

[Event "World Rapid 2023"]
[Site "Samarkand UZB"]
[Date "2023.12.26"]
[EventDate "2023.12.26"]
[Round "4.6"]
[Result "1-0"]
[White "Xiangyu Xu"]
[Black "Vugar Asadli"]
[WhiteElo "2598"]
[BlackElo "2499"]
[PlyCount "80"]

1. d4 Nf6 2. Bg5 d6 3. Nc3 Nbd7 4. e4 e5 5. Nf3 Be7 6. Be2 O-O 7. O-O c6 8.
Bxf6 Bxf6 9. d5 Nb6 10. a4 a5 11. Qd3 cxd5 12. Nxd5 Nxd5 13. Qxd5 Be6 14.
Qb5 Qc7 15. c3 Qc6 16. Nd2 Rfb8 17. Rfd1 Bg5 18. Nc4 Qxe4 19. Nxd6 Qc2 20.
Bd3 Qb3 21. Be4 Be7 22. Bf3 Ra6 23. Nxb7 Ra7 24. Rd2 Qxb5 25. axb5 Raxb7
26. Bxb7 Rxb7 27. b4 a4 28. Rxa4 f5 29. Ra5 Kf7 30. h3 e4 31. Rd1 g6 32.
Rda1 Bc4 33. Ra7 Rxb5 34. Rc7 Bd3 35. c4 Re5 36. b5 Re6 37. Raa7 f4 38. b6
Kf6 39. b7 Rb6 40. Rxe7 1-0

[Event "World Rapid 2023"]
[Site "Samarkand UZB"]
[Date "2023.12.26"]
[EventDate "2023.12.26"]
[Round "4.7"]
[Result "1/2-1/2"]
[White "Henriquez Villagra, Cristobal"]
[Black "Sergey Grigoriants"]
[WhiteElo "2590"]
[BlackElo "2493"]
[PlyCount "44"]

1. e4 e5 2. Nf3 Nc6 3. Nc3 Nf6 4. h3 Bb4 5. Nd5 Nxd5 6. exd5 e4 7. dxc6
exf3 8. cxd7+ Bxd7 9. Qxf3 O-O 10. Be2 Re8 11. O-O Bc6 12. Qd3 Qf6 13. Bf3
Rad8 14. Qb3 Bxf3 15. Qxf3 Qxf3 16. gxf3 Bxd2 17. Rd1 Bxc1 18. Raxc1 g6 19.
Kf1 Kg7 20. b4 Kf6 21. c4 Kf5 22. c5 1/2-1/2

[Event "World Rapid 2023"]
[Site "Samarkand UZB"]
[Date "2023.12.26"]
[EventDate "2023.12.26"]
[Round "4.8"]
[Result "0-1"]
[White "Liam Vrolijk"]
[Black "Robert Hovhannisyan"]
[WhiteElo "2498"]
[BlackElo "2630"]
[PlyCount "56"]

1. Nf3 d5 2. g3 Bg4 3. Bg2 e6 4. h3 Bh5 5. O-O Nf6 6. c4 c6 7. d4 Be7 8.
Nc3 O-O 9. Ne5 Nbd7 10. f4 Bg6 11. g4 Rc8 12. Qb3 Nxe5 13. fxe5 dxc4 14.
Qxb7 Qxd4+ 15. Kh1 Qd7 16. Qa6 Nd5 17. Qxc4 Qc7 18. Nxd5 cxd5 19. Qxc7 Rxc7
20. Be3 Rfc8 21. Rac1 Bc5 22. Rxc5 Rxc5 23. Bxc5 Rxc5 24. Rf4 Rc2 25. Rb4
h5 26. Bf3 hxg4 27. hxg4 Be4 28. Kg2 Rxe2+ 0-1

[Event "World Rapid 2023"]
[Site "Samarkand UZB"]
[Date "2023.12.26"]
[EventDate "2023.12.26"]
[Round "4.9"]
[Result "1/2-1/2"]
[White "Renato Terry"]
[Black "David Paravyan"]
[WhiteElo "2471"]
[BlackElo "2609"]
[PlyCount "36"]

1. d4 d5 2. Nf3 Nf6 3. c4 dxc4 4. e3 e6 5. Bxc4 c5 6. O-O Nc6 7. dxc5 Qxd1
8. Rxd1 Bxc5 9. a3 a6 10. b4 Be7 11. Bb2 b5 12. Bd3 O-O 13. Nbd2 Bb7 14.
Rac1 Rfd8 15. Nb3 a5 16. Bxb5 Rxd1+ 17. Rxd1 axb4 18. axb4 Nxb4 1/2-1/2

[Event "World Rapid 2023"]
[Site "Samarkand UZB"]
[Date "2023.12.26"]
[EventDate "2023.12.26"]
[Round "4.10"]
[Result "0-1"]
[White "Aldiyar Ansat"]
[Black "Pavel Ponkratov"]
[WhiteElo "2291"]
[BlackElo "2569"]
[PlyCount "148"]

1. e4 e6 2. d4 d5 3. Nc3 Bb4 4. e5 c5 5. a3 Bxc3+ 6. bxc3 Nc6 7. h4 Qa5 8.
Bd2 Qa4 9. Rb1 c4 10. h5 Qxa3 11. Qg4 Qf8 12. Nf3 f6 13. Be2 Nh6 14. Qh3
Nf7 15. h6 Nxh6 16. Bxh6 gxh6 17. Qxh6 Qxh6 18. Rxh6 fxe5 19. dxe5 a5 20.
Kd2 Ra6 21. g4 a4 22. g5 Ne7 23. Nd4 O-O 24. Rbh1 Rf7 25. Rf6 a3 26. Bg4
Ng6 27. Bh5 a2 28. Ra1 Kg7 29. Kc1 Nxe5 30. Bxf7 Nxf7 31. Rf3 Nxg5 32. Rg3
Kf6 33. f4 Ne4 34. Rf3 Nc5 35. Kb2 Na4+ 36. Kc1 Nc5 37. Kb2 Bd7 38. Rxa2
Rxa2+ 39. Kxa2 Be8 40. Ka3 Ne4 41. Kb4 b6 42. Rh3 h5 43. Rh1 Nd6 44. Ra1
Nf5 45. Nf3 Ne3 46. Nd4 Bg6 47. Rc1 Be4 48. Kb5 h4 49. Re1 Nf5 50. Nc6 h3
51. Ne5 Nh6 52. Nxc4 h2 53. Nxb6 h1=Q 54. Rxh1 Bxh1 55. Kc5 Be4 56. c4 dxc4
57. c3 Bd3 58. Nd7+ Kf5 59. Kd6 Nf7+ 60. Ke7 Nh8 61. Nf8 Ng6+ 62. Nxg6 Kxg6
63. Kxe6 Kg7 64. f5 Be2 65. Ke7 Bh5 66. f6+ Kg8 67. Ke6 Kf8 68. Kd5 Bf7+
69. Kd6 Bg8 70. Kc5 Be6 71. Kd6 Kf7 72. Ke5 Bh3 73. Kd5 Bf1 74. Kd4 Kxf6
0-1

[Event "World Rapid 2023"]
[Site "Samarkand UZB"]
[Date "2023.12.26"]
[EventDate "2023.12.26"]
[Round "4.11"]
[Result "0-1"]
[White "Evgeniy Najer"]
[Black "Klementy Sychev"]
[WhiteElo "2590"]
[BlackElo "2481"]
[PlyCount "88"]

1. e4 e5 2. Nf3 Nc6 3. Bb5 a6 4. Ba4 Nge7 5. c3 f6 6. d4 d5 7. exd5 Qxd5 8.
O-O Bg4 9. dxe5 O-O-O 10. Qxd5 Nxd5 11. Bxc6 bxc6 12. Nbd2 Nf4 13. h3 Bh5
14. Ne4 Nd3 15. exf6 Bxf3 16. fxg7 Bxg7 17. gxf3 Rhg8 18. Kh1 Rdf8 19. f4
Bh6 20. Rg1 Rxg1+ 21. Kxg1 Bxf4 22. Bxf4 Rxf4 23. Rd1 Nxb2 24. Rd4 Rf5 25.
Kg2 c5 26. Rd2 Nc4 27. Rd3 Re5 28. f3 Kb7 29. Rd7 h6 30. Kg3 Kc6 31. Rf7
Nd6 32. Rf6 Kd5 33. Nxd6 cxd6 34. Rxh6 Re3 35. c4+ Ke5 36. Rh5+ Ke6 37. Rh4
Ra3 38. Re4+ Kf6 39. Re2 Rc3 40. Rd2 Ke6 41. h4 Rxc4 42. h5 Rc1 43. Kg2 Rb1
44. Re2+ 0-1

[Event "World Rapid 2023"]
[Site "Samarkand UZB"]
[Date "2023.12.26"]
[EventDate "2023.12.26"]
[Round "4.12"]
[Result "0-1"]
[White "Deshun Xiu"]
[Black "Bardiya Daneshvar"]
[WhiteElo "2579"]
[BlackElo "2419"]
[PlyCount "90"]

1. Nf3 Nf6 2. c4 b6 3. g3 Bb7 4. Bg2 g6 5. O-O Bg7 6. d4 O-O 7. Qc2 c5 8.
d5 b5 9. Nc3 bxc4 10. Nd2 d6 11. Nxc4 Ba6 12. b3 Nbd7 13. Bb2 Rb8 14. Rad1
Ng4 15. h3 Nge5 16. Nd2 Nf6 17. f4 Ned7 18. Rfe1 c4 19. Kh2 cxb3 20. Nxb3
Qb6 21. Qd2 Bc4 22. e4 Bxb3 23. axb3 Qxb3 24. Ba1 Nc5 25. Rb1 Qa3 26. Nb5
Qa4 27. Qe2 Nb3 28. Rxb3 Qxb3 29. Nxa7 Nh5 30. Bf3 Ra8 31. Bxg7 Rxa7 32.
Bxf8 Ra2 33. Qxa2 Qxa2+ 34. Re2 Qb3 35. Bxh5 Kxf8 36. Bg4 h5 37. Bd7 Qd3
38. Rf2 Qxe4 39. Bc6 e6 40. h4 Qd4 41. Re2 exd5 42. Bb5 Qd1 43. Re8+ Kg7
44. Be2 Qa4 45. Re3 d4 0-1

[Event "World Rapid 2023"]
[Site "Samarkand UZB"]
[Date "2023.12.26"]
[EventDate "2023.12.26"]
[Round "4.13"]
[Result "1/2-1/2"]
[White "M Amin Tabatabaei"]
[Black "M Pranesh"]
[WhiteElo "2576"]
[BlackElo "2459"]
[PlyCount "80"]

1. e4 e5 2. Nf3 Nc6 3. Bc4 Nf6 4. d3 Bc5 5. O-O O-O 6. Nbd2 d6 7. c3 a6 8.
Re1 Na5 9. a4 Nxc4 10. Nxc4 Be6 11. b4 Ba7 12. Ne3 Ng4 13. d4 Nxe3 14. Bxe3
Qf6 15. h3 h6 16. a5 Rfe8 17. dxe5 dxe5 18. Bxa7 Rxa7 19. Qd2 Raa8 20. Qe3
Ra7 21. Qd2 Raa8 22. Qe3 Rac8 23. Rad1 c5 24. Rd6 cxb4 25. cxb4 Rc4 26. Rb6
Rec8 27. Rd1 R8c7 28. b5 Rc3 29. Rd3 R3c4 30. Rd1 Rc3 31. Rd3 Rc1+ 32. Kh2
Ra1 33. bxa6 bxa6 34. Rb8+ Kh7 35. Rdd8 Rcc1 36. g4 Qf4+ 37. Qxf4 exf4 38.
e5 Kg6 39. Nh4+ Kg5 40. Nf3+ Kg6 1/2-1/2

[Event "World Rapid 2023"]
[Site "Samarkand UZB"]
[Date "2023.12.26"]
[EventDate "2023.12.26"]
[Round "4.14"]
[Result "1-0"]
[White "Chithambaram Vr Aravindh"]
[Black "Jakub Seemann"]
[WhiteElo "2576"]
[BlackElo "2330"]
[PlyCount "76"]

1. e4 c5 2. Nf3 d6 3. Bb5+ Nd7 4. d4 cxd4 5. Qxd4 a6 6. Bxd7+ Bxd7 7. Nc3
e5 8. Qd3 h6 9. b3 Rc8 10. Bb2 Nf6 11. O-O-O Be7 12. Kb1 O-O 13. h3 b5 14.
Ne2 Qb6 15. g4 b4 16. Ng3 Qxf2 17. Nd4 exd4 18. Bxd4 Qf4 19. Rdf1 Qg5 20.
Nf5 Bxf5 21. exf5 Nd5 22. h4 Rc3 23. Qd1 Qe3 24. Bxe3 Nxe3 25. Qe2 Nxf1 26.
Qxe7 Ne3 27. Rc1 Rfc8 28. Qxd6 Nxc2 29. Kb2 Na3 30. Rxc3 bxc3+ 31. Kc1 Nb5
32. Qxa6 Rb8 33. Kc2 Kh7 34. f6 g5 35. hxg5 hxg5 36. a4 Nd4+ 37. Kxc3 Nf3
38. Qd3+ 1-0